Airlines that fly in Australia - Statistics

General Stats
  • This quiz has been taken 67 times
  • The average score is 8 of 23
Answer Stats
Answer % Correct
Qantas
100%
Air New Zealand
73%
Virgin Australia
73%
Jetstar
71%
Emirates
64%
American Airlines
51%
Singapore Airlines
49%
British Airways
44%
Delta
44%
United Airlines
42%
Etihad
35%
Fiji Airways
31%
Thai Airways
31%
Qantas Link
25%
Cathay Pacific
20%
Hawaiian Air
20%
Qatar Airlines
20%
Alliance
16%
All Nippon Airways
16%
REX Airways
5%
China Airways
4%
Malaysian Airways
4%
Fly Pelican
2%
No matching quizzes found
Score Distribution
Percent of People with Each Score
Percentile by Number Answered
Your Score History
You have not taken this quiz